Teoría microeconómica /
Texto de la teoría neoclásica de los precios. Inicia con el estudio de la toma de decisiones del consumidor. Sigue la teoría referente a la forma en que los empresarios combinan recursos en la producción de bienes y servicios. Viene luego la manera en que el sistema de precios funciona para coordina...
Guardado en:
| Autor principal: | |
|---|---|
| Otros autores: | |
| Formato: | Libro |
| Idioma: | Español |
| Publicado: |
México :
Fondo de Cultura Económica,
1984, c1978
|
| Edición: | 2a edición |
| Colección: | (Sección de Obras de Economía)
|
| Temas: | |
| Etiquetas: |
Sin etiquetas, Sé el primero en etiquetar este registro!
|
MARC
| LEADER | 00000nam^a2200000^a^4500 | ||
|---|---|---|---|
| 001 | 000025010 | ||
| 005 | 20250521000000.0 | ||
| 009 | 20260526113919.029 | ||
| 020 | |a 968-16-0276-5 | ||
| 037 | |a Acervo ITESO - Biblioteca | ||
| 041 | |a ESP | ||
| 082 | |a 338. 5 |b TEO | ||
| 100 | |a Ferguson, C.E. |e (autor) | ||
| 240 | 1 | 1 | |a [Teoría microeconómica de C.E. Ferguson] |
| 245 | 1 | 0 | |a Teoría microeconómica / |c C.E. Ferguson, J.P. Gould, hijo ; tr. por Eduardo L. Suárez. |
| 250 | |a 2a edición | ||
| 264 | 4 | |a México : |b Fondo de Cultura Económica, |c 1984, c1978 | |
| 300 | |a 551 p. | ||
| 336 | |a texto |b txt |2 rdacontenido | ||
| 337 | |a sin mediación |b n |2 rdamedio | ||
| 338 | |a volumen |b nc |2 rdasoporte | ||
| 440 | 1 | |a (Sección de Obras de Economía) | |
| 500 | |a Traducción de: Microeconomic Theory | ||
| 520 | |a Texto de la teoría neoclásica de los precios. Inicia con el estudio de la toma de decisiones del consumidor. Sigue la teoría referente a la forma en que los empresarios combinan recursos en la producción de bienes y servicios. Viene luego la manera en que el sistema de precios funciona para coordinar el comportamiento de consumidores y empresarios. Enseguida se aborda la determinación de los precios de factores productivos. La obra termina con una reflexión sobre el equilibrio en el sistema económico. | ||
| 649 | |a XX | ||
| 650 | |a Oferta y Demanda | ||
| 650 | |a Microeconomía - |x Teoría - |x Tema Principal | ||
| 650 | |a Economía - |x Teoría | ||
| 700 | |a Gould, John P., |c hijo |e (autor) | ||
| 910 | |a Fondo General | ||
| 920 | |a Impresos - Libros | ||
| 930 | |a Colección General | ||
| 905 | |a 101 | ||
| 901 | |a 0250100100 |b IT1 |c ACC |i 025010 |u 20250521 | ||
| 902 | |a https://opac.biblio.iteso.mx/vufind/Record/000025010 | ||